书目信息 |
| 题名: |
信号与系统分析
|
|
| 作者: | 赵泓扬 主编 | |
| 分册: | ||
| 出版信息: | 北京 电子工业出版社 2010 |
|
| 页数: | 12,297页 | |
| 开本: | 26cm | |
| 丛书名: | ||
| 单 册: | ||
| 中图分类: | TN911.6 | |
| 科图分类: | ||
| 主题词: | 信号理论--高等学校--教材 , 信号系统--系统分析--高等学校--教材 , 信号理论 , 信号系统 | |
| 电子资源: | ||
| ISBN: | 978-7-121-10344-5 | |
| 000 | 00977nam0 2200277 450 | |
| 001 | 004508226 | |
| 005 | 20110111090351.39 | |
| 010 | @a978-7-121-10344-5@dCNY33.00 | |
| 100 | @a20100510d2010 em y0chiy0110 ea | |
| 101 | 0 | @achi |
| 102 | @aCN@b110000 | |
| 105 | @ay z 000yy | |
| 106 | @ar | |
| 200 | 1 | @a信号与系统分析@Axin hao yu xi tong fen xi@f赵泓扬主编 |
| 210 | @a北京@c电子工业出版社@d2010 | |
| 215 | @a12,297页@d26cm | |
| 300 | @a21世纪高等学校本科电子电气专业系列实用教材 | |
| 330 | @a本书论述了信号与系统分析的基本理论、基本分析方法及其应用。全书内容包括:信号与系统的基本知识、连续时间系统的时域分析、离散时间系统的时域分析、傅里叶变换及系统的频域分析等。 | |
| 606 | 0 | @a信号理论@x高等学校@j教材 |
| 606 | 0 | @a信号系统@x系统分析@x高等学校@j教材 |
| 606 | 0 | @a信号理论 |
| 606 | 0 | @a信号系统 |
| 690 | @aTN911.6@v4 | |
| 701 | 0 | @a赵泓扬@Azhao hong yang@f(1979~)@4主编 |
| 801 | 0 | @aCN@bSYL@c20110111 |
| 905 | @b205972278-321@h597227-32@dTN911.6@e124@f6 | |
| 信号与系统分析/赵泓扬主编.-北京:电子工业出版社,2010 |
| 12,297页;26cm |
| 21世纪高等学校本科电子电气专业系列实用教材 |
| ISBN 978-7-121-10344-5:CNY33.00 |
| 本书论述了信号与系统分析的基本理论、基本分析方法及其应用。全书内容包括:信号与系统的基本知识、连续时间系统的时域分析、离散时间系统的时域分析、傅里叶变换及系统的频域分析等。 |
| ● |
| 相关链接 |
|
|
|
|
正题名:信号与系统分析
索取号:TN911.6/124
 
预约/预借
| 序号 | 登录号 | 条形码 | 馆藏地/架位号 | 状态 | 备注 |
| 1 | 597227 | 205972278 | 第二样本阅览室/ [索取号:TN911.6/124] | 在馆 | |
| 2 | 597228 | 205972287 | 第三借阅区/ [索取号:TN911.6/124] | 在馆 | |
| 3 | 597229 | 205972296 | 计算机科学系资料室/ [索取号:TN911.6/124] | 在馆 | |
| 4 | 597230 | 205972303 | 第三借阅区/ [索取号:TN911.6/124] | 在馆 | |
| 5 | 597231 | 205972312 | 第三借阅区/ [索取号:TN911.6/124] | 在馆 | |
| 6 | 597232 | 205972321 | 第三借阅区/ [索取号:TN911.6/124] | 在馆 |